| 000 | 00609nam a2200217Ii 4500 | ||
|---|---|---|---|
| 003 | JO-AjNU | ||
| 008 | 230606s9999||||xx |||||||||||||| ||und|| | ||
| 020 | _a13-978-0-321-77640-2 | ||
| 040 |
_aJO-AjNU _beng _erda _cJO-AjNU |
||
| 041 | _aeng | ||
| 050 | 1 | 4 | _aQA76.73.C153.2015 |
| 100 | 3 |
_aprata,Stephen, _eauthor _95145 |
|
| 245 | 0 | 0 | _aC++ Primer Plus |
| 250 | _a6 ed | ||
| 264 | 3 | 1 | _aNewYork:Addison -Wesley,2010 |
| 300 | _a1420p | ||
| 336 |
_atext _btxt _2rdacontent |
||
| 337 |
_aunmediated _bn _2rdamedia |
||
| 338 |
_avolume _bnc _2rdacarrier |
||
| 650 | 4 |
_a C++ (Computer program language) _95146 |
|
| 999 |
_aE2660 _c2658 _d2658 |
||